Loading...
Visual Arts | 3 | 2 | 0 | 0 | 65 | 58 | 72.20 | 1 | 5 |
Social Science | 0 | 5 | 2 | 1 | 40 | 89 | 103.40 | 0 | 1 |
Literature - British Literature | 1 | 2 | 0 | 0 | 35 | 75 | 99.00 | 0 | 0 |
Science - Biology | 0 | 3 | 0 | 2 | 30 | 90 | 110.00 | 0 | 1 |
Philosophy | 0 | 3 | 0 | 1 | 30 | 96 | 108.33 | 0 | 1 |
Other Academic | 1 | 1 | 0 | 0 | 25 | 71 | 75.00 | 0 | 1 |
Literature - European Literature | 1 | 1 | 0 | 0 | 25 | 42 | 56.50 | 2 | 2 |
History - Ancient History | 0 | 2 | 0 | 2 | 20 | 137 | 137.00 | 0 | 2 |
Literature - World Literature | 1 | 0 | 1 | 0 | 10 | 62 | 62.00 | 1 | 1 |
Literature - American Literature | 0 | 2 | 2 | 0 | 10 | 96 | 120.00 | 0 | 0 |
Auditory Arts | 0 | 1 | 0 | 0 | 10 | 128 | 128.00 | 0 | 0 |
Science - Chemistry | 0 | 1 | 0 | 0 | 10 | 113 | 113.00 | 0 | 0 |
Science - Physics | 0 | 1 | 0 | 0 | 10 | 111 | 111.00 | 1 | 1 |
Beliefs | 0 | 1 | 1 | 0 | 5 | 105 | 105.00 | 0 | 1 |
History - European History | 0 | 1 | 1 | 1 | 5 | 116 | 116.00 | 1 | 1 |
Fine Arts - Other Arts | 0 | 0 | 1 | 0 | -5 | 0.00 | 0 | 0 |